| 000 | 01314nam a22004091i 4500 | ||
|---|---|---|---|
| 999 |
_c719 _d719 |
||
| 001 | 020060533 | ||
| 003 | UkOxU | ||
| 005 | 20191205124018.0 | ||
| 008 | 140915r20152013enka j 000|f|eng|d | ||
| 015 |
_aGBB4C7542 _2bnb |
||
| 016 | 7 |
_a016940650 _2Uk |
|
| 020 | _a9781784750138 (pbk.) : | ||
| 035 | _a(Uk)016940650 | ||
| 040 |
_aStDuBDS _beng _erda _cStDuBDS _dUk |
||
| 042 | _aukblsr | ||
| 082 | _aFIC PAT | ||
| 100 | 1 |
_aPatterson, James, _d1947- _eauthor. |
|
| 245 | 1 | 0 |
_aHow I survived bullies, broccoli, and Snake Hill / _cJames Patterson and Chris Tebbetts ; illustrated by Laura Park. |
| 264 | 1 |
_aLondon : _bYoung Arrow, _c2015. |
|
| 300 |
_a309 pages : _billustrations (black and white) ; _c20 cm. |
||
| 336 |
_atext _2rdacontent |
||
| 336 |
_astill image _2rdacontent |
||
| 337 |
_aunmediated _2rdamedia |
||
| 338 |
_avolume _2rdacarrier |
||
| 440 | _nbook 4 | ||
| 490 | 0 | _aMiddle school series | |
| 500 | _aOriginally published: 2013. | ||
| 500 |
_aFormerly CIP. _5Uk |
||
| 521 | _a9+. | ||
| 650 | 0 |
_aKhatchadorian, Rafe (Fictitious character) _vJuvenile fiction. |
|
| 655 | 0 | _aHumorous stories. | |
| 655 | 0 | _aChildren's stories. | |
| 700 | 1 |
_aTebbetts, Christopher, _eauthor. |
|
| 700 | 1 |
_aPark, Laura, _d1980- _eillustrator. |
|
| 942 |
_2ddc _cFIC |
||